00463nam a2200157Ia 45000010006000000050017000060080041000230410008000640820022000721000025000942450130001192600009002493000031002586500008002896540008002972232020260414150823.0260414t2017||||xx |||||||||||||| ||spa|| aESP a621.317bB72 2017 aBolton, WilliameAUT 0aMecatrónica :bsistemas de control electrónico en la ingeniería mecánica y eléctrica. Un enfoque multidisciplinario c2017 ax, 651 páginas :c24 cm. aTCA aCET